| 000 | 01060nam a2200301Ia 4500 | ||
|---|---|---|---|
| 003 | GCL | ||
| 005 | 20240530101819.0 | ||
| 008 | 140319s9999 xx 000 0 ara d | ||
| 020 | _a4155801977 | ||
| 040 |
_aGCL / _cGCL |
||
| 082 | 0 | 4 |
_a962.15 _bق/ز ب |
| 100 | 1 | _aزين العابدين شمس الدين نجم | |
| 245 | 1 | 0 |
_aبور سعيد: تاريخها وتطورها منذ نشأتها 1859 حتى عام 1882 / _cزين العابدين شمس الدين نجم |
| 250 | _aالاولى | ||
| 260 |
_aالقاهرة : _bالهيئة المصرية العامة للكتاب ، _c1987 |
||
| 300 |
_a439 ص ؛ _c24سم |
||
| 650 | 0 | 4 | _aالتعليم |
| 650 | 0 | 4 | _aالادارة المحلية |
| 650 | 0 | 4 | _aالقضاء |
| 650 | 0 | 4 | _aبورسعيد |
| 650 | 0 | 4 | _aالتعلم |
| 650 | 0 | 4 | _aالسكان |
| 650 | 0 | 4 | _aقناة السويس |
| 650 | 0 | 4 | _aالاحتلال البريطانى |
| 650 | 0 | 4 | _aمصر - الاحوال الاقتصادية |
| 650 | 0 | 4 | _aمصر - الاحوال الاجتماعية |
| 942 |
_2ddc _cBK |
||
| 999 |
_c27891 _d27891 |
||